Central Library OPAC University of Rajshahi

মা'বাত / (Record no. 41023)

MARC details
000 -LEADER
fixed length control field 00854nam a2200229 a 4500
001 - CONTROL NUMBER
control field 41023
003 - CONTROL NUMBER IDENTIFIER
rucl marc code BD-RjUL
005 - DATE AND TIME OF LATEST TRANSACTION
control field 20211209053320.0
008 - FIXED-LENGTH DATA ELEMENTS--GENERAL INFORMATION
fixed length control field 160514s1969 bg ||||| |||| 00| f ben d
020 ## - INTERNATIONAL STANDARD BOOK NUMBER
Terms of availability : Tk. 3.75
035 ## - SYSTEM CONTROL NUMBER
System control number (BD-RjUL) 41139
040 ## - CATALOGING SOURCE
Original cataloging agency BD-RjUL
Language of cataloging ben
Transcribing agency BD-RjUL
041 ## - LANGUAGE CODE
Language code of text/sound track or separate title ben
082 ## - DEWEY DECIMAL CLASSIFICATION NUMBER
Edition number 23
Classification number 891.443
Author mark and year MEM 1969
100 ## - MAIN ENTRY--PERSONAL NAME
Personal name মেহেদী
9 (RLIN) 126240
245 10 - TITLE STATEMENT
Title মা'বাত /
Statement of responsibility, etc. মেহেদী
260 ## - PUBLICATION, DISTRIBUTION, ETC. (IMPRINT)
Place of publication, distribution, etc. সিরাজগঞ্জ :
Name of publisher, distributor, etc. ওরিয়েন্টাল লাইব্রেরী এণ্ড ইলেকট্রিক প্রিন্টিং প্রেস লিমিটেড,
Date of publication, distribution, etc. ১৯৬৯
300 ## - PHYSICAL DESCRIPTION
Pagination [২], ১৮৮ পৃ. ;
Size ২১ সেমি.
650 ## - SUBJECT ADDED ENTRY--TOPICAL TERM
Topical term or geographic name as entry element বাংলা উপন্যাস
9 (RLIN) 126241
Topical term or geographic name as entry element Bengali Fiction
9 (RLIN) 126242
942 ## - ADDED ENTRY ELEMENTS (KOHA)
Source of classification or shelving scheme Dewey Decimal Classification
Koha item type Books
Holdings
Lost status Source of classification or shelving scheme Damaged status Not for loan Collection code Permanent Location Current Location Shelving location Date acquired Source of acquisition Cost, normal purchase price Total Checkouts Full call number Date last seen Copy number Koha item type
  Dewey Decimal Classification   Not For Loan Fiction Central Library, University of Rajshahi Central Library, University of Rajshahi Reading Room 18/05/1970 Nawroge 3.75   B 891.443 MEM 1969 14/05/2016 C-1 Books